Network programming /

Guardado en:
Autor Principal: Murty, Katta G., 1936-
Formato: Libro
Idioma:English
Publicado: Englewood Cliffs, N.J. : Prentice Hall, c1992.
Materias:
Etiquetas: Agregar Etiqueta
Sin Etiquetas, Sea el primero en etiquetar este registro!
LEADER 01302pam a2200229 a 4500
001 MAT.inmabb003723
008 911226s1992####njua#####b####001#0#eng##
005 20130313153439.0
245 1 0 |a Network programming /  |c Katta G. Murty. 
260 |a Englewood Cliffs, N.J. :  |b Prentice Hall,  |c c1992. 
300 |a xvi, 623 p. :  |b il. ;  |c 25 cm. 
504 |a Incluye referencias bibliográficas e índice. 
505 0 |a 1. Network definitions and formulations -- 2. Single commodity maximum value flow problems in pure networks -- 3. Primal-dual and dual algorithms for the assignment and transportation problems -- 4. Shortest chain algorithms -- 5. Algorithms for minimum cost flow problems in pure networks -- 6. Single commodity flows with additional linear constraints -- 7. Critical path methods in project networks -- 8. Generalized network flows -- 9. The minimum cost spanning tree problem -- 10. Blossom algorithms for 1-matching/edge covering problems in undirected networks. 
510 4 |a MR,  |c 93k:90001 
020 |a 013615493X 
100 1 |a Murty, Katta G.,  |d 1936- 
650 0 |a Systems programming (Computer science) 
650 0 |a Computer networks. 
084 |a 90-01 (05C35 90-02 90B10 90C35)  |2 msc2000 
010 |a  91045726  
040 |a DLC  |c DLC  |d DLC 
859 |h 90  |i M984  |p A-6902  |b BIB. MATEMATICA